Stealing home : (Record no. 1590)

MARC details
000 -LEADER
fixed length control field 00904cam a2200265 a 4500
005 - DATE AND TIME OF LATEST TRANSACTION
control field 20230908114938.0
020 ## - INTERNATIONAL STANDARD BOOK NUMBER
International Standard Book Number 9780590425605
040 ## - CATALOGING SOURCE
Original cataloging agency *DVA*
Transcribing agency *DVA*
Modifying agency OCoLC
-- NN
-- OCoLC
-- CStRLIN
-- DLC
Language of cataloging eng
050 00 - LIBRARY OF CONGRESS CALL NUMBER
Classification number GV865.R6
082 00 - DEWEY DECIMAL CLASSIFICATION NUMBER
Classification number 796.357092
Edition number 22
100 1# - MAIN ENTRY--PERSONAL NAME
Personal name Denenberg, Barry.
245 10 - TITLE STATEMENT
Title Stealing home :
Remainder of title the story of Jackie Robinson /
Statement of responsibility, etc. Barry Denenberg.
250 ## - EDITION STATEMENT
Edition statement 50th Anniversary ed.
260 ## - PUBLICATION, DISTRIBUTION, ETC.
Place of publication, distribution, etc. New York :
Name of publisher, distributor, etc. Scholastic,
Date of publication, distribution, etc. 1990
300 ## - PHYSICAL DESCRIPTION
Extent 116 pages :
Other physical details illustrations ;
Dimensions 20 cm
505 ## - FORMATTED CONTENTS NOTE
Formatted contents note Z <br/>
520 ## - SUMMARY, ETC.
Summary, etc. The story of the first Black man to play baseball in the major leagues.
521 ## - TARGET AUDIENCE NOTE
Target audience note 930 <br/>
Source Lexile <br/>
521 ## - TARGET AUDIENCE NOTE
Target audience note Z <br/>
Source Raz-Plus <br/>
650 #0 - SUBJECT ADDED ENTRY--TOPICAL TERM
Topical term or geographic name entry element Baseball players
Geographic subdivision United States
Form subdivision Biography
-- Juvenile literature.
650 #1 - SUBJECT ADDED ENTRY--TOPICAL TERM
Topical term or geographic name entry element Baseball players
Geographic subdivision United States
Form subdivision Biography.
906 ## - LOCAL DATA ELEMENT F, LDF (RLIN)
a 7
b cbc
c copycat
d 2
e ncip
f 20
g y-gencatlg
942 ## - ADDED ENTRY ELEMENTS (KOHA)
Source of classification or shelving scheme Dewey Decimal Classification
Koha item type Books
Suppress in OPAC No
999 ## -
-- 1590
-- 1590
Holdings
Withdrawn status Lost status Source of classification or shelving scheme Damaged status Not for loan Collection Home library Current library Shelving location Date acquired Total Checkouts Full call number Barcode Date last seen Copy number Price effective from Koha item type
    Dewey Decimal Classification     Non-Fiction Footprints International School Library Network Toul Kork Campus Footprints International School Library Network Toul Kork Campus TTP Secondary Non-Fiction Bookshelves 09/08/2023   DEN 796.357092 GV865.R6 FISSE00869 09/08/2023 1 09/08/2023 Books
    Dewey Decimal Classification     Non-Fiction Footprints International School Library Network Toul Kork Campus Footprints International School Library Network Toul Kork Campus TTP Secondary Non-Fiction Bookshelves 09/08/2023   DEN 796.357092 GV865.R6 FISSE00870 09/08/2023 2 09/08/2023 Books